| 000 | 01185nam a22003497a 4500 | ||
|---|---|---|---|
| 003 | CHAP | ||
| 005 | 20220329143923.0 | ||
| 008 | 120827s2010 mx a r 00010 spa d | ||
| 010 | _a103757 | ||
| 011 | _a104729 | ||
| 020 | _a9684847092 | ||
| 035 | _a115419 | ||
| 040 | _cCHAP | ||
| 082 | 0 | 4 |
_a861 _bC38 |
| 100 | 1 |
_aCáceres Carenzo, Raúl. _923960 |
|
| 245 | 1 | 4 |
_aLos sonetos y los días (Reunión de figuraciones y poemas) _c/por Raúl Cáceres Carenzo |
| 260 |
_aToluca, Edo. Méx. : _bInstituto Mexiquense de cultura, _c2010 |
||
| 300 |
_a136 p. : _bilus. |
||
| 490 | 0 |
_aBiblioteca Mexiquense del Bicentenario. _pLa letra en la ventana |
|
| 590 |
_aBATCH-UPD _b10 _c20130110 _lUCH01 _h1240 |
||
| 590 |
_aBATCH-UPD _b10 _c20130410 _lUCH01 _h0528 |
||
| 590 |
_aBATCH-UPD _b10 _c20130914 _lUCH01 _h0951 |
||
| 590 |
_aCONVERSION _b10 _c20130109 _lUCH01 _h1357 |
||
| 650 | 1 | 4 |
_aLiteratura. _967113 |
| 650 | 1 | 4 |
_aPoesía. _990141 |
| 650 | 1 | 4 |
_aSonetos. _9108562 |
| 830 | 0 |
_aBiblioteca Mexiquense del Bicentenario. _pLa letra en la ventana _912434 |
|
| 901 | _aBK | ||
| 911 | _aen proceso | ||
| 942 | _cLIBRO | ||
| 949 |
_a861 C38 _bBC _cLIBRO _d33724002320967 _eLIBRO _h117313 _i115419 _st |
||
| 999 |
_c103757 _d103757 |
||